| 000 | 01142nam a22003977a 4500 | ||
|---|---|---|---|
| 001 | 0002419 | ||
| 003 | KOHA_MİRAKIL | ||
| 005 | 20260207001312.0 | ||
| 007 | ta | ||
| 008 | 090226b2000 tu |||gr||||#||||0|tur | | ||
| 020 | _a9755911472 | ||
| 040 |
_aTR-BiSEU _btur _cTR-BiSEU _erda |
||
| 041 | 0 | _atur | |
| 044 | _ctu | ||
| 050 |
_aTK7881.15 _b.G87 2000 |
||
| 100 | 1 | _aGürdal, Osman. | |
| 245 | 1 |
_aGüç elektroniği/ _cOsman Gürdal ; Osman Gürdal. |
|
| 250 | _a2. bs. | ||
| 264 | 1 |
_aAnkara : _bNobel Yayın Dağıtım _c2000 |
|
| 300 | _a632 sayfa: resimli | ||
| 336 |
_ametin _btxt _2rdacontent |
||
| 337 |
_aaracısız _bn _2rdamedia |
||
| 338 |
_acilt _bnc _2rdacarrier |
||
| 490 | 1 |
_aYayın ; _vno. |
|
| 490 | 1 | _a169 | |
| 500 | _aKaynakça ve dizin var. | ||
| 650 | 0 |
_aGüç elektroniği. _92491 |
|
| 650 | 0 |
_aGüç yarıiletkenleri. _92492 |
|
| 650 | 0 |
_aElektrik akımı dönüştürücüler. _92493 |
|
| 650 | 0 |
_aPower electronics. _92494 |
|
| 650 | 0 |
_aPower semiconductors. _92495 |
|
| 650 | 0 |
_aElectric current converters. _92496 |
|
| 830 | 1 |
_aYayın ; _vno. _91557 |
|
| 830 | 1 |
_a169 _96940 |
|
| 942 |
_2lcc _cBK |
||
| 999 |
_c2406 _d2406 |
||